LEADER 02812nam 2200673 a 450 001 9910139010903321 005 20240313190002.0 010 $a9781118574263 010 $a1118574265 010 $a9781118574249 010 $a1118574249 010 $a9781299465152 010 $a1299465153 010 $a9781118574270 010 $a1118574273 035 $a(CKB)2550000001019414 035 $a(EBL)1161324 035 $a(SSID)ssj0000855706 035 $a(PQKBManifestationID)11429086 035 $a(PQKBTitleCode)TC0000855706 035 $a(PQKBWorkID)10804877 035 $a(PQKB)10962286 035 $a(DLC) 2013008032 035 $a(Au-PeEL)EBL1161324 035 $a(CaPaEBR)ebr10684926 035 $a(CaONFJC)MIL477765 035 $a(FINmELB)ELB178670 035 $a(MiAaPQ)EBC1161324 035 $a(OCoLC)828724589 035 $a(Perlego)1001541 035 $a(EXLCZ)992550000001019414 100 $a20130225d2013 uy 0 101 0 $aeng 135 $aur||||||||||| 181 $ctxt 182 $cc 183 $acr 200 00$aAC electric motors control $eadvanced design techniques and applications /$feditor, Fouad Giri 205 $a1st ed. 210 $aChichester, West Sussex, U.K. $cJohn Wiley & Sons Inc.$d2013 215 $a1 online resource (587 p.) 300 $aDescription based upon print version of record. 311 08$a9781118331521 311 08$a1118331524 320 $aIncludes bibliographical references and index. 327 $apt. 1. Control models for AC motors -- pt. 2. Observer design techniques for AC motors -- pt. 3. Control design techniques for induction motors -- pt. 4. Control design techniques for synchronous motors -- pt. 5. Industrial applications of AC motors control. 330 $aThe complexity of AC motor control lies in the multi-variable and nonlinear nature of AC machine dynamics. Recent advancements in control theory now make it possible to deal with long-standing problems in AC motors control. This text expertly draws on these developments to apply a wide range of model-based control design methods to a variety of AC motors. Contributions from over thirty top researchers explain how modern control design methods can be used to achieve tight speed regulation, optimal energetic efficiency, and operation reliability and safety, by considering online state var 606 $aElectric motors, Alternating current$xAutomatic control 615 0$aElectric motors, Alternating current$xAutomatic control. 676 $a621.46 686 $aSCI064000$2bisacsh 701 $aGiri$b Fouad$0991888 801 0$bMiAaPQ 801 1$bMiAaPQ 801 2$bMiAaPQ 906 $aBOOK 912 $a9910139010903321 996 $aAC electric motors control$92270002 997 $aUNINA LEADER 02725nam 2200397z- 450 001 9910140419503321 005 20210211 035 $a(CKB)2670000000560548 035 $a(oapen)https://directory.doabooks.org/handle/20.500.12854/50628 035 $a(oapen)doab41242 035 $a(EXLCZ)992670000000560548 100 $a20202102d1999 |y 0 101 0 $aspa 135 $aurmn|---annan 181 $ctxt$2rdacontent 182 $cc$2rdamedia 183 $acr$2rdacarrier 200 00$aArchivos universitarios e historia de las universidades 210 $cUniversidad Carlos III de Madrid. Figuerola Institute of Social Science History$d2003 215 $a1 online resource (345 p.) 225 1 $aHistoria de las Universidades 311 08$a84-8155-641-6 330 $aEsta obra es resultado de las jornadas sobre Archivos e Historia de las Universidades organizadas en 2002 por el Instituto Antonio de Nebrija de la Universidad Carlos III de Madrid, en la que se dieron cita representantes de los distintos colectivos profesionales que centran sus actividades en el a?mbito de los archivos universitarios y de las historia de las universidades. Se trata de dos grupos profesionales: archiveros e investigadores, reunidos por primera vez para establecer las li?neas respectivas de accio?n y el a?mbito cienti?fico de confluencia. En el texto se trata con cara?cter novedoso el estado de la gestio?n de los documentos, en especial de las universidades de reciente factura, lo que constituye la base para lo que en la actualidad y en el futuro sera?n las fuentes para el estudio de las universidades contempora?neas. Tambie?n se analizan las u?ltimas tendencias en la materia y de manera sen?alada cabe resen?ar la presentacio?n de los proyectos llevados a cabo por la Conferencia de Archiveros de Universidades orientados al servicio de los investigadores, y el ana?lisis sobre el derecho de acceso y las implicaciones legales que comporta el uso de documentos contempora?neos. Todo ello, caracterizado por la relevancia cienti?fica, el relieve internacional y la acreditada experiencia profesional de los ponentes, que ofrecen lo mejor de su conocimiento y que, en buena medida, queda reflejado en estas pa?ginas. 606 $aBiography and non-fiction prose$2bicssc 610 $aArchives 610 $aArchivos 610 $aHistory 610 $aUniversidades 610 $aUniversities 615 7$aBiography and non-fiction prose 701 $aCruz Mundet$b Jose? Ramo?n$01372331 712 02$aInstituto Antonio de Nebrija. 906 $aBOOK 912 $a9910140419503321 996 $aArchivos universitarios e historia de las universidades$93402616 997 $aUNINA